000
00156nam a22000857a 4500
082
_a
823
100
_a
GERONIMO STILTON
245
_a
THE HOUR MAGIC
942
_c
BK
999
_c
8467
_d
8467